Etica del bien común y de la responsabilidad solidaria /
Este artículo es una aproximación a los planteamientos teóricos de Franz Hinkelammert, mediante los cuales podríamos fundamentar filosóficamente una ética del bien común y de la responsabilidad solidaria. Partiendo de la necesidad de un humanismo abierto, material e historizado, el autor de este tra...
Guardado en:
| Hovedforfatter: | |
|---|---|
| Format: | Texto |
| Fag: | |
| Tags: |
Tilføj Tag
Ingen Tags, Vær først til at tagge denne postø!
|
MARC
| LEADER | 00000 a a2200000 04500 | ||
|---|---|---|---|
| 001 | 41617 | ||
| 003 | |||
| 040 | |||
| 100 | |a Molina Velásquez, Carlos | ||
| 245 | |a Etica del bien común y de la responsabilidad solidaria / |c Carlos Molina Velásquez | ||
| 520 | |a Este artículo es una aproximación a los planteamientos teóricos de Franz Hinkelammert, mediante los cuales podríamos fundamentar filosóficamente una ética del bien común y de la responsabilidad solidaria. Partiendo de la necesidad de un humanismo abierto, material e historizado, el autor de este trabajo analiza las propuestas éticas del filósofo alemán, mostrando algunas claves de interpretación que contribuirían a pensar de manera renovada los derechos humanos, los proyectos sociales alternativos, y las apelaciones que hacemos a nuestras obligaciones y a nuestra libertad. | ||
| 650 | |a ETICA | ||
| 650 | |a FILOSOFIA | ||
| 650 | |a DERECHOS HUMANOS | ||
| 650 | |a PROYECTOS DE DESAROLLO | ||
| 773 | |g número117 (2008), páginas 365-394 | ||
| 999 | |c 25117 |d 25117 | ||
